Statistics for Cities Where Famous People Died

Click here to take the quiz!

General Stats

  • This quiz has been taken 7,825 times
  • The average score is 16 of 24

Answer Stats

PersonCity% Correct
Adolf HitlerBerlin
93%
Princess DianaParis
93%
John F. KennedyDallas
92%
Julius CaesarRome
89%
John LennonNew York City
86%
Wolfgang Amadeus MozartVienna
86%
Mahatma GandhiNew Delhi
84%
Nelson MandelaJohannesburg
82%
Abraham LincolnWashington D.C.
80%
Anne BoleynLondon
77%
Michael JacksonLos Angeles
73%
Franz FerdinandSarajevo
73%
RembrandtAmsterdam
70%
CleopatraAlexandria
69%
Kurt CobainSeattle
68%
Mother TeresaKolkata
63%
Bruce LeeHong Kong
62%
Martin Luther King Jr.Memphis
60%
MuhammadMedina
57%
Pablo EscobarMedellín
50%
Tupac ShakurLas Vegas
41%
Aretha FranklinDetroit
37%
Alexander the GreatBabylon
20%
Joan of ArcRouen
20%

Score Distribution

Percentile by Number Answered

Percent of People with Each Score

Your Score History

You have not taken this quiz